La structure des aptitudes humaines

Uloženo v:
Podrobná bibliografie
Hlavní autor: Vernon, Philip E (Autor)
Médium: Kniha
Jazyk:francouzština
Vydáno: París Universitaires de France 1952
Edice:Bibliothèque Scientifique Internationale. Sciences Humaines, Section Psychologie
Témata:
Tagy: Přidat tag
Žádné tagy, Buďte první, kdo vytvoří štítek k tomuto záznamu!

MARC

LEADER 00000nam a2200000 a 4500
001 UCZ7311
003 CL-VaPUC
008 951228e19520000FR |||||||||||||||||fre|d
082 0 4 |a 153.9  |b VER  |2 21 
100 0 |a Vernon, Philip E  |e author  |9 352113 
245 1 3 |a La structure des aptitudes humaines 
300 |a 195 p 
942 |c BK 
945 |d 19951228 00:00:00  |a cmena 
260 |a París  |b Universitaires de France  |c 1952 
650 0 |a Naturaleza humana   |9 308593 
650 0 |a Percepción   |9 266750 
650 7 |a PSICOLOGIA DE LOS PROCESOS SENSORIALES  |2 CL-VaPUC  |9 352114 
650 0 |a Actividades sensoriomotrices   |9 335908 
650 0 |a Inteligencia  |9 267038 
650 0 |a Cognición   |9 270347 
650 7 |a TESTS DE INTELIGENCIA  |2 CL-VaPUC  |9 309468 
650 7 |a TESTS DE APTITUD  |2 CL-VaPUC  |9 327076 
583 |a last modification  |c 19951228 00:00:00  |k Rodrigo Vera 
490 0 |a Bibliothèque Scientifique Internationale. Sciences Humaines, Section Psychologie 
999 |c 243406  |d 243404 
952 |0 0  |1 0  |4 0  |6 153_900000000000000_VER_1952  |7 0  |8 P  |9 257008  |a BIBEDU  |b BIBEDU  |c BIBEDU_PB  |d 2019-11-19  |i 161245K  |o 153.9 VER 1952  |p 161245K  |r 2024-01-25  |w 2019-11-19  |y BK  |k EDU 
952 |0 0  |1 0  |4 0  |6 153_900000000000000_VER_1952  |7 0  |8 P  |9 257009  |a BIBEDU  |b BIBEDU  |c BIBEDU_PB  |d 2019-11-19  |i 1612344  |o 153.9 VER 1952  |p 1612344  |r 2024-01-25  |w 2019-11-19  |y BK  |k EDU